[Event "XLII Abierto Internacional Ciudad de Se"]
[Site "Sevilla (SPAIN)"]
[Date "2017.01.20"]
[Round "8.15"]
[White "Fernandez Romero, Ernesto"]
[Black "Krockenberger, Martin"]
[Result "1-0"]
[WhiteElo "2473"]
[BlackElo "2219"]
[PlyCount "87"]
[EventDate "2017.01.13"]

1. e4 c5 2. Nf3 d6 3. d4 cxd4 4. Nxd4 Nf6 5. f3 a6 6. c4 e6 7. Nc3 Be7 8. Be3
O-O 9. Be2 Qc7 10. O-O b6 11. Qd2 Bb7 12. a3 Nbd7 13. Rac1 Rac8 14. b4 Qb8 15.
Rfd1 Rfe8 16. Bf1 Bd8 17. Nb3 Bc7 18. Bf4 Ne5 19. Bxe5 dxe5 20. c5 b5 21. a4
bxa4 22. Nxa4 Rcd8 23. Qc3 Bc6 24. Nb2 Bb5 25. Nc4 h5 26. h4 Nh7 27. Na3 Nf8
28. Nxb5 axb5 29. Na5 Rxd1 30. Rxd1 Ng6 31. Ra1 f5 32. Qd3 fxe4 33. Qxe4 Ne7
34. Bd3 Kf7 35. Nb7 Nd5 36. Qg6+ Kf8 37. Bxb5 Re7 38. Bc6 Nxb4 39. Be4 Nd5 40.
Qxh5 Qxb7 $4 {Diagrama [#]} 41. Ra8+ Qxa8 42. Qh8+ Kf7 43. Qxa8 Nf6 44. g4 1-0

[Event "XLII Abierto Internacional Ciudad de Se"]
[Site "Sevilla (SPAIN)"]
[Date "2017.01.20"]
[Round "8.16"]
[White "Naranjo Moreno, Antonio"]
[Black "Perez Mitjans, Orelvis"]
[Result "1-0"]
[WhiteElo "2358"]
[BlackElo "2427"]
[PlyCount "115"]
[EventDate "2017.01.13"]

1. e4 c5 2. Nf3 Nc6 3. d4 cxd4 4. Nxd4 g6 5. Nc3 Bg7 6. Be3 Nf6 7. Nxc6 bxc6 8.
e5 Ng8 9. Bd4 Qa5 10. Bc4 Bxe5 11. O-O Nh6 12. Re1 Bxd4 13. Qxd4 O-O 14. Rxe7
d5 15. Bxd5 cxd5 16. Nxd5 Ng4 17. b4 Qd8 18. Rae1 Qd6 19. h3 Qh2+ 20. Kf1 Qh1+
21. Ke2 Qxg2 22. hxg4 Bxg4+ 23. Kd2 Rad8 24. c4 Bf3 25. Nf6+ Kh8 26. Rd7 Rc8
27. Ng4+ f6 28. Ree7 Qh1 29. Rxh7+ Qxh7 30. Rxh7+ Kxh7 31. Qxa7+ Kh8 32. Ne3
Ra8 33. Qe7 Rxa2+ 34. Kc3 Raa8 35. b5 Kg8 36. c5 Ra3+ 37. Kb4 Ra1 38. c6 Rb1+
39. Kc5 Rb8 40. Qe6+ Kg7 41. Qd7+ Kh6 42. Qh3+ Bh5 43. Nc4 R8xb5+ 44. Kd6 R1b3
45. Qc8 Rd3+ 46. Ke7 Rf3 47. c7 Rc5 48. Qf8+ Kg5 49. c8=Q Rxc8 50. Qxc8 Rxf2
51. Qc5+ Rf5 52. Qg1+ Kh6 53. Nd6 Rf4 54. Qc1 g5 55. Qc8 g4 56. Qc1 Kg5 57.
Ne4+ Kf5 58. Ng3+ 1-0

[Event "XLII Abierto Internacional Ciudad de Se"]
[Site "Sevilla (SPAIN)"]
[Date "2017.01.20"]
[Round "8.17"]
[White "Alvarez Marquez, Johann Carlos"]
[Black "Calzetta Ruiz, Monica"]
[Result "0-1"]
[WhiteElo "2404"]
[BlackElo "2191"]
[PlyCount "37"]
[EventDate "2017.01.13"]

1. d4 Nf6 2. Nf3 c5 3. e3 b6 4. c4 g6 5. Be2 Bg7 6. O-O O-O 7. Nc3 cxd4 8. exd4
Bb7 9. Bg5 Na6 10. Qa4 Nc7 11. d5 a6 12. Be3 b5 13. Qa5 Qb8 14. Rad1 Rc8 15.
Bf4 bxc4 16. Bxc4 d6 17. Na4 Ncxd5 18. Bxd5 Nxd5 19. Bg3 {Ilegible} 0-1

[Event "XLII Abierto Internacional Ciudad de Se"]
[Site "Sevilla (SPAIN)"]
[Date "2017.01.20"]
[Round "8.18"]
[White "Rodriguez Perez, Angel Mariano"]
[Black "Komljenovic, Davorin"]
[Result "1-0"]
[WhiteElo "2239"]
[BlackElo "2383"]
[PlyCount "25"]
[EventDate "2017.01.13"]

1. e4 c5 2. Nc3 Nc6 3. Bb5 Nd4 4. Bc4 e6 5. Nge2 Nxe2 6. Qxe2 Ne7 7. d3 Nc6 8.
a4 b6 9. O-O Bb7 10. f4 Nd4 11. Qf2 Be7 12. Be3 d5 13. Ba2 {Pierde el negro
por llevar aparatos electrónicos en la zona de juego} 1-0

[Event "XLII Abierto Internacional Ciudad de Se"]
[Site "Sevilla (SPAIN)"]
[Date "2017.01.20"]
[Round "8.19"]
[White "Teran Alvarez, Ismael"]
[Black "Callejas Rojas, Francisco Migu"]
[Result "1-0"]
[WhiteElo "2378"]
[BlackElo "2033"]
[PlyCount "61"]
[EventDate "2017.01.13"]

1. Nf3 Nf6 2. c4 e6 3. g3 a6 4. Bg2 b5 5. b3 c5 6. O-O Bb7 7. Bb2 Be7 8. e3 O-O
9. Qe2 Nc6 10. Nc3 b4 11. Na4 d6 12. d4 Nd7 13. Rfd1 Nb6 14. dxc5 Nxa4 15. bxa4
Qc7 16. cxd6 Bxd6 17. Ng5 h6 18. Qd3 hxg5 19. Qxd6 Qxd6 20. Rxd6 Na5 21. Bxb7
Nxb7 22. Rb6 Na5 23. Rc1 Rfb8 24. c5 Rxb6 25. cxb6 f6 26. Rc7 Rb8 27. Bd4 Nb7
28. f4 gxf4 29. exf4 a5 30. g4 {Diagrama [#]} Nd6 31. Rd7 1-0

[Event "XLII Abierto Internacional Ciudad de Se"]
[Site "Sevilla (SPAIN)"]
[Date "2017.01.20"]
[Round "8.20"]
[White "Diaz Castro, Ismael"]
[Black "Aguera Naredo, Javier"]
[Result "1-0"]
[WhiteElo "2185"]
[BlackElo "2361"]
[PlyCount "45"]
[EventDate "2017.01.13"]

1. e4 g6 2. d4 Bg7 3. Nc3 d6 4. Be3 a6 5. g4 b5 6. Bg2 Bb7 7. Nge2 Nd7 8. Ng3
c5 9. O-O Rc8 10. Qd2 h6 11. Rad1 cxd4 12. Bxd4 Bxd4 13. Qxd4 Ngf6 14. h3 O-O
15. Qe3 b4 16. Nce2 Qb6 17. Qxh6 {Diagrama [#]} Rxc2 18. Nd4 Rc5 19. Rd3 e6 20.
g5 Nh7 21. Nh5 gxh5 22. g6 fxg6 23. Nxe6 1-0

[Event "XLII Abierto Internacional Ciudad de Se"]
[Site "Sevilla (SPAIN)"]
[Date "2017.01.21"]
[Round "9.1"]
[White "Krysa, Leandro"]
[Black "Karthikeyan, P."]
[Result "1/2-1/2"]
[WhiteElo "2491"]
[BlackElo "2488"]
[PlyCount "45"]
[EventDate "2017.01.13"]

1. d4 Nf6 2. c4 e6 3. Nc3 Bb4 4. Qc2 O-O 5. Nf3 d6 6. a3 Bxc3+ 7. Qxc3 b6 8. g3
Bb7 9. Bg2 Nbd7 10. O-O Qe7 11. b4 a5 12. Bb2 axb4 13. axb4 b5 14. cxb5 Nb6 15.
Ra5 Bd5 16. Nd2 Bxg2 17. Kxg2 Nfd5 18. Qb3 f5 19. e3 Rab8 20. Bc1 Qg5 21. Nc4
Qh5 22. f3 g5 23. Bd2 {Diagrama [#]} 1/2-1/2

[Event "XLII Abierto Internacional Ciudad de Se"]
[Site "Sevilla (SPAIN)"]
[Date "2017.01.21"]
[Round "9.2"]
[White "Anurag, Mhamal"]
[Black "Santos Latasa, Jaime"]
[Result "0-1"]
[WhiteElo "2423"]
[BlackElo "2566"]
[PlyCount "84"]
[EventDate "2017.01.13"]

1. c4 Nf6 2. g3 g6 3. Bg2 Bg7 4. d4 O-O 5. e4 d6 6. Ne2 c5 7. Nbc3 Nc6 8. d5
Na5 9. Qd3 a6 10. Rb1 e6 11. O-O exd5 12. Nxd5 Nxd5 13. cxd5 b5 14. b3 Bd7 15.
Be3 Re8 16. h4 b4 17. Bg5 Qc7 18. Rfc1 Nb7 19. h5 a5 20. h6 Be5 21. f4 Bh8 22.
f5 Be5 23. fxg6 fxg6 {Diagrama [#]} 24. Nd4 Nd8 25. Nf3 Bxg3 26. Bf6 Nf7 27.
Ng5 Be5 28. Bxe5 Nxe5 29. Qg3 Qd8 30. Rf1 Rf8 31. Rxf8+ Qxf8 32. Rf1 Qxh6 33.
Rf6 Ng4 34. Nf7 Qd2 35. Rf1 Bb5 36. Qxg4 Bxf1 37. Bf3 Qd4+ 38. Kxf1 Kxf7 39.
Qe6+ Kg7 40. Qe7+ Kh8 41. Qxd6 Re8 42. Bg4 Qxe4 0-1

[Event "XLII Abierto Internacional Ciudad de Se"]
[Site "?"]
[Date "2017.01.21"]
[Round "9.3"]
[White "Stany, G.A."]
[Black "Harutjunyan, Gevorg"]
[Result "1/2-1/2"]
[WhiteElo "2485"]
[BlackElo "2437"]
[PlyCount "113"]
[EventDate "2017.??.??"]

1. e4 c6 2. d4 d5 3. e5 Bf5 4. Nf3 e6 5. Be2 Ne7 6. O-O h6 7. Nbd2 Nd7 8. Nb3
Qc7 9. Bd2 g5 10. a4 a5 11. Ne1 Bg7 12. c4 O-O 13. f4 gxf4 14. Bxf4 c5 15. Rc1
cxd4 16. Nxd4 dxc4 17. Bxc4 Nxe5 18. Bxe6 Qb6 19. Bxf5 Nxf5 20. Bxe5 Bxe5 21.
Qg4+ Ng7 22. Nef3 f5 23. Qh4 Bf6 24. Qf2 Rfe8 25. b3 Rad8 26. Rfd1 f4 27. Nb5
Qe6 28. Qc2 Rxd1+ 29. Rxd1 Rc8 30. Qd3 Rd8 31. Qc2 Rxd1+ 32. Qxd1 Nf5 33. Qd3
Kg7 34. h3 Qe3+ 35. Qxe3 fxe3 36. g4 Ng3 37. Nd6 Be7 38. Nc4 Bc5 39. Kg2 Ne4
40. Ng1 b6 41. Ne2 Nd2 42. Nxd2 exd2 43. Nc3 Kg6 44. h4 Be7 45. Kg3 Bf6 46. Nd1
Bd4 47. Kf3 Bc5 48. Ke2 Be7 49. Kxd2 Bxh4 50. Ke3 Kg5 51. Kf3 Kf6 52. Kf4 Ke6
53. Ke4 Kd6 54. Nb2 Ke6 55. Nd3 Bg3 56. Kd4 Kf6 57. Ke4 1/2-1/2

[Event "XLII Abierto Internacional Ciudad de Se"]
[Site "Sevilla (SPAIN)"]
[Date "2017.01.21"]
[Round "9.4"]
[White "Montero Melendez, Rafael"]
[Black "Parligras, Mircea"]
[Result "0-1"]
[WhiteElo "2304"]
[BlackElo "2605"]
[PlyCount "93"]
[EventDate "2017.01.13"]

1. c4 Nf6 2. g3 e6 3. Bg2 d5 4. Nf3 Nbd7 5. b3 c6 6. Bb2 Bd6 7. Nc3 O-O 8. O-O
b6 9. d4 Bb7 10. Nd2 c5 11. cxd5 exd5 12. e4 cxd4 13. Nxd5 Nxd5 14. exd5 Bc5
15. Ne4 Nf6 16. Bxd4 Nxe4 17. Bxe4 Re8 18. Bf3 Ba6 19. Bxc5 Bxf1 20. d6 Bh3 21.
d7 Bxd7 22. Bxa8 bxc5 23. Qd6 Be6 24. Qxd8 Rxd8 25. Bb7 Rd2 26. Kg2 Kf8 27. Kf3
Ke7 28. Ke3 Rb2 29. Be4 h6 30. h4 a5 31. Bc6 Kd6 {Diagrama [#]} 32. Bb5 Bxb3
33. axb3 Rxb3+ 34. Bd3 c4 35. Kd4 cxd3 36. Kc4 a4 37. Rxa4 d2 38. Ra8 Ke7 39.
Ra1 Rf3 40. Kd4 Ke6 41. Rd1 Rxf2 42. Ke3 Rh2 43. Ra1 Kd5 44. Kd3 Rg2 45. Ra5+
Kc6 46. Kc2 Rxg3 47. Kxd2 0-1

[Event "XLII Abierto Internacional Ciudad de Se"]
[Site "Sevilla (SPAIN)"]
[Date "2017.01.21"]
[Round "9.5"]
[White "Campora, Daniel H"]
[Black "Lopez Martinez, Josep Manuel"]
[Result "1/2-1/2"]
[WhiteElo "2443"]
[BlackElo "2552"]
[PlyCount "66"]
[EventDate "2017.01.13"]

1. e4 c5 2. Nf3 e6 3. d4 cxd4 4. Nxd4 a6 5. c4 Nf6 6. Bd3 Nc6 7. Nxc6 dxc6 8.
O-O e5 9. Nc3 Bc5 10. Qc2 Be6 11. Be2 Bd4 12. Be3 Bxe3 13. fxe3 Qb6 14. Rf3 Rd8
15. a3 Rd7 16. h3 O-O 17. b4 Rfd8 18. c5 Qc7 19. Bf1 a5 20. Rf2 h6 21. b5 cxb5
22. Bxb5 Re7 23. Rc1 Qb8 24. Rxf6 gxf6 25. Qf2 Rc7 26. Na4 Bd7 27. Bc4 Bxa4 28.
Qxf6 Rd1+ 29. Rxd1 Bxd1 30. Qg6+ Kf8 31. Qxh6+ Kg8 32. Qg6+ Kf8 33. Qh6+ Kg8 {
Diagrama [#]} 1/2-1/2

[Event "XLII Abierto Internacional Ciudad de Se"]
[Site "Sevilla (SPAIN)"]
[Date "2017.01.21"]
[Round "9.6"]
[White "Kogan, Arthur"]
[Black "Basso, Pier Luigi"]
[Result "1/2-1/2"]
[WhiteElo "2530"]
[BlackElo "2448"]
[PlyCount "62"]
[EventDate "2017.01.13"]

1. Nf3 d5 2. c4 e6 3. d4 Nf6 4. Bg5 Be7 5. Nbd2 Nbd7 6. Qc2 h6 7. Bxf6 Nxf6 8.
g3 O-O 9. Bg2 c6 10. O-O b6 11. e4 Ba6 12. Ne5 Bb7 13. Rfd1 Rc8 14. Rac1 Nd7
15. Qa4 Nxe5 16. dxe5 a6 17. cxd5 cxd5 18. Rxc8 Qxc8 19. exd5 exd5 20. Nf1 Qe6
21. Qb3 Rd8 22. Ne3 Bc5 23. Bxd5 Bxd5 24. Rxd5 {Diagrama [#]} Rxd5 25. Qxd5
Bxe3 26. Qxe6 Bxf2+ 27. Kxf2 fxe6 28. Ke3 Kf7 29. a4 Ke7 30. a5 Kd7 31. axb6
Kc6 1/2-1/2

[Event "XLII Abierto Internacional Ciudad de Se"]
[Site "Sevilla (SPAIN)"]
[Date "2017.01.21"]
[Round "9.7"]
[White "Teran Alvarez, Ismael"]
[Black "Gleizerov, Evgeny"]
[Result "1/2-1/2"]
[WhiteElo "2378"]
[BlackElo "2518"]
[PlyCount "95"]
[EventDate "2017.01.13"]

1. e4 e6 2. d4 d5 3. Nc3 Nf6 4. e5 Nfd7 5. f4 c5 6. Nf3 Nc6 7. Be3 Be7 8. Qd2
b6 9. Be2 O-O 10. Nd1 cxd4 11. Nxd4 Nxd4 12. Bxd4 Nb8 13. O-O Nc6 14. c3 Nxd4
15. cxd4 Bd7 16. Rc1 b5 17. Nf2 Qb6 18. Qe3 b4 19. Nd3 Bb5 20. Nc5 Bxe2 21.
Qxe2 Rfc8 22. Qf2 Rc7 23. Rc2 Rac8 24. Rfc1 h5 25. g3 Rc6 26. Kg2 g6 27. Qe3 a5
28. Kf3 Bxc5 29. dxc5 Qb5 30. Kf2 Rb8 31. b3 a4 32. h3 Rd8 33. Qd4 axb3 34.
axb3 Ra8 35. g4 Ra3 36. Qe3 hxg4 37. hxg4 Qa6 38. f5 exf5 39. gxf5 gxf5 40.
Rg1+ Rg6 41. c6 Ra2 42. Rxg6+ fxg6 43. Rxa2 Qxa2+ 44. Kf3 Qc2 {Diagrama [#]}
45. Qh6 Qc3+ 46. Kf2 Qc2+ 47. Kf3 Qc3+ 48. Kf2 1/2-1/2

[Event "XLII Abierto Internacional Ciudad de Se"]
[Site "Sevilla (SPAIN)"]
[Date "2017.01.21"]
[Round "9.8"]
[White "Lemos, Damian"]
[Black "Naranjo Moreno, Antonio"]
[Result "1/2-1/2"]
[WhiteElo "2516"]
[BlackElo "2358"]
[PlyCount "55"]
[EventDate "2017.01.13"]

1. d4 Nf6 2. Nf3 g6 3. g3 Bg7 4. Bg2 O-O 5. O-O d6 6. c4 Nbd7 7. Nc3 e5 8. e4
exd4 9. Nxd4 Re8 10. h3 Nc5 11. Re1 Bd7 12. Bf4 h6 13. g4 h5 14. f3 hxg4 15.
hxg4 Ne6 16. Be3 Nxd4 17. Bxd4 Be6 18. Nd5 c5 19. Bc3 Bxd5 20. cxd5 Nd7 21. f4
Bxc3 22. bxc3 g5 23. Qd2 gxf4 24. Qxf4 Qf6 25. Qg3 Qe5 26. Qh3 Qh8 27. Qg3 Qe5
28. Qh3 {Diagrama [#]} 1/2-1/2

[Event "XLII Abierto Internacional Ciudad de Se"]
[Site "Sevilla (SPAIN)"]
[Date "2017.01.21"]
[Round "9.9"]
[White "Calzetta Ruiz, Monica"]
[Black "Deepan, Chakkravarthy J"]
[Result "1/2-1/2"]
[WhiteElo "2191"]
[BlackElo "2485"]
[PlyCount "33"]
[EventDate "2017.01.13"]

1. e4 c5 2. Nf3 e6 3. d4 cxd4 4. Nxd4 a6 5. Nc3 b5 6. g3 Bb7 7. Bg2 Ne7 8. O-O
Ng6 9. b3 Bc5 10. Bb2 O-O 11. Qd2 Nc6 12. Nce2 Qb6 13. Rad1 Nce5 14. h3 f5 15.
Nf4 Nxf4 16. Qxf4 Ng6 17. Qg5 {Diagrama [#] ilegible} 1/2-1/2

[Event "XLII Abierto Internacional Ciudad de Se"]
[Site "Sevilla (SPAIN)"]
[Date "2017.01.21"]
[Round "9.10"]
[White "Ulybin, Mikhail"]
[Black "Estremera Paños, Sergio"]
[Result "1-0"]
[WhiteElo "2483"]
[BlackElo "2375"]
[PlyCount "48"]
[EventDate "2017.01.13"]

1. d4 Nf6 2. c4 e6 3. g3 d5 4. Nf3 Bb4+ 5. Bd2 Bd6 6. Bg2 Nbd7 7. Bc3 Ne4 8.
Nbd2 Nxc3 9. bxc3 O-O 10. O-O c6 11. e4 b6 12. e5 Be7 13. Ne1 Ba6 14. Nc2 Rc8
15. Ne3 c5 16. cxd5 Bxf1 17. Qxf1 cxd4 18. cxd4 exd5 19. Nxd5 Nb8 20. Qd3 Nc6
21. Rb1 Qd7 22. h4 Rfd8 23. Nc4 Re8 24. Nce3 h6 {Diagrama [#] Ilegible} 1-0

[Event "XLII Abierto Internacional Ciudad de Se"]
[Site "Sevilla (SPAIN)"]
[Date "2017.01.21"]
[Round "9.12"]
[White "Moroni, Luca Jr"]
[Black "Rodriguez Perez, Angel Mariano"]
[Result "1-0"]
[WhiteElo "2468"]
[BlackElo "2239"]
[PlyCount "111"]
[EventDate "2017.01.13"]

1. d4 g6 2. c4 Bg7 3. Nf3 c5 4. d5 d6 5. Nc3 Bxc3+ 6. bxc3 Qa5 7. Qb3 f5 8. h4
Nf6 9. Bh6 Nbd7 10. e3 Ne4 11. Rc1 Ndf6 12. Bg7 Rg8 13. Bxf6 Nxf6 14. Bd3 h6
15. O-O Rb8 16. Rfe1 Bd7 17. Qc2 Qa4 18. Qe2 Ne4 19. Nh2 Qa3 20. Bxe4 fxe4 21.
Nf1 b5 22. Ng3 bxc4 23. Qxc4 Qa4 24. Qe2 Qb5 25. c4 Qb2 26. Nxe4 Qxe2 27. Rxe2
Kf7 28. Ng3 Rb4 29. e4 e5 30. dxe6+ Bxe6 31. Rec2 Rgb8 32. f4 Rb1 33. f5 gxf5
34. exf5 Bc8 35. Rxb1 Rxb1+ 36. Kh2 Rd1 37. Kh3 Rd4 {Diagrama [#]} 38. Rc3 Kf6
39. Rf3 Rxc4 40. Nh5+ Kf7 41. g4 Rc2 42. g5 hxg5 43. hxg5 c4 44. g6+ Kg8 45.
Kh4 c3 46. Re3 Bd7 47. Re7 Rh2+ 48. Kg5 Rxh5+ 49. Kxh5 c2 50. Re1 Bxf5 51. Kg5
Be4 52. Kf6 d5 53. g7 a6 54. a3 a5 55. a4 d4 56. Rxe4 1-0

[Event "XLII Abierto Internacional Ciudad de Se"]
[Site "Sevilla (SPAIN)"]
[Date "2017.01.21"]
[Round "9.13"]
[White "Saric, Ante"]
[Black "Diaz Castro, Ismael"]
[Result "1-0"]
[WhiteElo "2542"]
[BlackElo "2185"]
[PlyCount "63"]
[EventDate "2017.01.13"]

1. Nf3 Nf6 2. g3 g6 3. b3 Bg7 4. Bb2 O-O 5. Bg2 a5 6. c4 Nc6 7. d4 d5 8. Nc3
Bf5 9. O-O dxc4 10. bxc4 Ne4 11. e3 Nxc3 12. Bxc3 Be4 13. Qe2 Qd6 14. Rfd1 Qa3
15. Bb2 Qa4 16. Rd2 Ra6 17. Bf1 h6 18. Ne1 g5 19. d5 Ne5 20. f4 Nd7 21. Bxg7
Kxg7 22. fxg5 hxg5 23. Qg4 Qb4 24. Rf2 {Diagrama [#]} Qc3 25. Rd1 Qxe3 26. Qxd7
Rf6 27. Rdd2 Bf5 28. Qxc7 Qxe1 29. Rde2 Qa1 30. Qxe7 Qd4 31. Qe5 Qg4 32. h3 1-0

[Event "XLII Abierto Internacional Ciudad de Se"]
[Site "Sevilla (SPAIN)"]
[Date "2017.01.21"]
[Round "9.14"]
[White "Burmakin, Vladimir"]
[Black "Carrascoso Morales, Abel"]
[Result "1/2-1/2"]
[WhiteElo "2526"]
[BlackElo "2200"]
[PlyCount "26"]
[EventDate "2017.01.13"]

1. Nf3 Nf6 2. d4 g6 3. Bf4 Bg7 4. e3 O-O 5. Be2 c5 6. c3 cxd4 7. exd4 d6 8. O-O
Nc6 9. h3 Bf5 10. Bh2 Rc8 11. Nbd2 Re8 12. Nc4 Qc7 13. Ne3 Bd7 {Ilegible}
1/2-1/2

[Event "XLII Abierto Internacional Ciudad de Se"]
[Site "Sevilla (SPAIN)"]
[Date "2017.01.21"]
[Round "9.15"]
[White "Petkov, Vladimir"]
[Black "Palacios Perez*, Manuel"]
[Result "1-0"]
[WhiteElo "2500"]
[BlackElo "2163"]
[PlyCount "45"]
[EventDate "2017.01.13"]

1. d4 Nf6 2. Bf4 d6 3. Nc3 Nc6 4. e4 e5 5. dxe5 Nxe5 6. Nf3 Ng6 7. Bg3 Be7 8.
Qd4 O-O 9. O-O-O Bg4 10. Be2 Rc8 11. Rhe1 Re8 12. h3 Bh5 13. Qd2 h6 14. Kb1 a6
15. Nd4 Bf8 16. Bxh5 Nxh5 17. Bh2 Nf6 18. f4 b5 19. e5 Nh7 20. e6 fxe6 21. Nxe6
Qf6 22. f5 Nh4 23. g4 {Diagrama [#] Ilegible} 1-0

[Event "XLII Abierto Internacional Ciudad de Se"]
[Site "Sevilla (SPAIN)"]
[Date "2017.01.21"]
[Round "9.16"]
[White "Esquivias Quintero, Luis Manue"]
[Black "Sundararajan, Kidambi"]
[Result "1-0"]
[WhiteElo "2182"]
[BlackElo "2420"]
[PlyCount "125"]
[EventDate "2017.01.13"]

1. e4 e6 2. d4 d5 3. Nd2 a6 4. Ngf3 c5 5. exd5 exd5 6. dxc5 Bxc5 7. Nb3 Bb6 8.
Bd3 Nf6 9. O-O O-O 10. Nfd4 Nc6 11. c3 Qd6 12. Re1 Bg4 13. Qc2 Nxd4 14. Nxd4 {
Diagrama [#]} Bxd4 15. cxd4 Rac8 16. Qb3 Rfe8 17. Rxe8+ Rxe8 18. Be3 Qd7 19.
Rc1 Bh5 20. Bf4 Bg6 21. Bf1 h5 22. h3 Ne4 23. Rc7 Qf5 24. Be3 b5 25. a4 bxa4
26. Qxa4 Nf6 27. Qxa6 Qb1 28. Rc8 Kh7 29. Rxe8 Nxe8 30. Qc6 Nf6 31. Qc1 Qa2 32.
b4 Qb3 33. b5 Ne4 34. Qc7 h4 35. b6 Ng3 36. b7 Bd3 37. Bxd3+ Qxd3 38. fxg3 hxg3
39. Qxg3 Qb1+ 40. Kh2 Qxb7 41. Bf4 f6 42. Qh4+ Kg8 43. Qg4 Kf7 44. Qh5+ Kg8 45.
Qe8+ Kh7 46. Qh5+ Kg8 47. Qg4 Kh7 48. Bd6 Qa8 49. h4 Qc6 50. Bg3 Qc2 51. h5 Qd3
52. Bf2 Qc2 53. Qg6+ Qxg6 54. hxg6+ Kxg6 55. Kg3 Kf5 56. Kf3 g5 57. g3 Kg6 58.
Be1 f5 59. Bb4 Kf6 60. Bd6 Ke6 61. Be5 Kf7 62. g4 Kg6 63. Bh8 1-0

[Event "XLII Abierto Internacional Ciudad de Se"]
[Site "Sevilla (SPAIN)"]
[Date "2017.01.21"]
[Round "9.17"]
[White "Van Hoolandt, Patrick"]
[Black "Chueca Forcen, Alberto"]
[Result "0-1"]
[WhiteElo "2167"]
[BlackElo "2351"]
[PlyCount "101"]
[EventDate "2017.01.13"]

1. d4 d5 2. c4 dxc4 3. e4 Nf6 4. e5 Nd5 5. Bxc4 Nb6 6. Bd3 Nc6 7. Ne2 Bg4 8. f3
Bh5 9. Nbc3 e6 10. Be3 Qd7 11. a3 Bg6 12. Ne4 Be7 13. Qc2 a6 14. O-O O-O 15.
Rac1 Rfd8 16. Rfd1 Nd5 17. Bf2 Qe8 18. Nc5 Bxc5 19. Qxc5 Qe7 20. Qxe7 Ncxe7 21.
Be4 Rd7 22. g4 Bxe4 23. fxe4 Nb6 24. b3 Kf8 25. Rc3 Nc6 26. Rdc1 h6 27. Kg2 Nc8
28. h3 N8e7 29. Be3 Re8 30. Kg3 Ng8 31. Bf2 f6 32. exf6 Nxf6 33. Kf3 Ke7 34.
Bg1 Kd8 35. b4 Ree7 36. Rc4 Kc8 37. Ke3 Nd5+ 38. Kd3 Nb6 39. Rc5 Rf7 40. Ke3
Rd8 41. Bh2 g5 42. R1c2 Rdf8 {Diagrama [#]} 43. d5 exd5 44. exd5 Re7+ 45. Kd2
Rf2 46. dxc6 Rxh2 47. cxb7+ Kxb7 48. Ke1 Rxh3 49. R5c3 Rxc3 50. Rxc3 Nd5 51.
Rh3 0-1

[Event "XLII Abierto Internacional Ciudad de Se"]
[Site "Sevilla (SPAIN)"]
[Date "2017.01.21"]
[Round "9.18"]
[White "Fernandez Manrique*, Agustin"]
[Black "Piasetski, Leon"]
[Result "0-1"]
[WhiteElo "2159"]
[BlackElo "2327"]
[PlyCount "43"]
[EventDate "2017.01.13"]

1. c4 e5 2. Nc3 Bb4 3. g3 Bxc3 4. bxc3 Nf6 5. Bg2 O-O 6. e4 d6 7. d3 Nbd7 8.
Nf3 Nc5 9. O-O Bd7 10. Nh4 Kh8 11. Rb1 Rb8 12. f4 exf4 13. Bxf4 Ng8 14. Be3 a6
15. Qh5 Nxd3 16. Rf4 Ne5 17. Bd4 f5 18. Bxe5 Nh6 19. Qxh6 dxe5 20. Qh5 Qf6 21.
c5 Bb5 22. Bf3 {Diagrama [#] Ilegible} 0-1

[Event "XLII Abierto Internacional Ciudad de Se"]
[Site "Sevilla (SPAIN)"]
[Date "2017.01.21"]
[Round "9.19"]
[White "Degro, Heiko"]
[Black "Lopez Gonzalez, Daniel"]
[Result "0-1"]
[WhiteElo "2097"]
[BlackElo "2307"]
[PlyCount "64"]
[EventDate "2017.01.13"]

1. e4 e6 2. d4 d5 3. e5 c5 4. c3 Qb6 5. Nf3 Nc6 6. Be2 Nh6 7. b3 cxd4 8. cxd4
Nf5 9. Bb2 Bd7 10. O-O Be7 11. g3 Rc8 12. Kg2 f6 13. g4 Nh6 14. exf6 gxf6 15.
h3 Nf7 16. Nc3 Qd8 17. Rc1 O-O 18. Na4 b6 19. a3 Bd6 20. Nc3 Bf4 21. Rc2 Na5
22. Ba6 Rc7 23. Ne2 Bd6 24. Rxc7 Qxc7 25. Qd3 b5 26. Bxb5 Bxb5 27. Qxb5 Rb8 28.
Qa4 Nxb3 29. Nc1 Na5 30. Nd3 Nc4 31. Bc1 Nh8 32. Re1 Kf7 {Diagrama [#] ilegible
} 0-1